000
00196 a2200097 4500
001
9089
100
_a
Meiss-Teuffe
245
_a
Winds of adventure
260
_a
_b
Museum
_c
090
_c
7267
_d
7267
942
_a
NUST-CAE
_c
M
_c
33897
999
_c
244162
_d
244162